Trenerzy którzy wygrali Ligę Mistrzów - Statystyki

Ogólne statystyki
  • Ten quiz został rozwiązany 39 razy
    38 od ostatniego zresetowania
  • Średni wynik to 26 z 33
Statystyki odpowiedzi
Hint Klub Odpowiedź % Poprawnych
2003/04 FC Porto Jose Mourinho
100%
2009/10 Inter Mediolan Jose Mourinho
100%
2008/09 FC Barcelona Pep Guardiola
100%
2010/11 FC Barcelona Pep Guardiola
100%
2022/23 Manchester City Pep Guardiola
100%
1998/99 Manchester United Alex Ferguson
97%
2007/08 Manchester United Alex Ferguson
97%
2002/03 AC Milan Carlo Ancelotti
97%
2006/07 AC Milan Carlo Ancelotti
97%
2013/14 Real Madryt Carlo Ancelotti
97%
2021/22 Real Madryt Carlo Ancelotti
97%
2023/24 Real Madryt Carlo Ancelotti
97%
2018/19 Liverpool Jurgen Klopp
97%
2014/15 FC Barcelona Luis Enrique
97%
2024/25 Paris Saint Germain Luis Enrique
97%
2015/16 Real Madryt Zinedine Zidane
97%
2016/17 Real Madryt Zinedine Zidane
97%
2017/18 Real Madryt Zinedine Zidane
97%
2019/20 Bayern Hans Dieter Flick
89%
2020/21 Chelsea Thomas Tuchel
80%
2004/05 Liverpool Rafael Benitez
74%
1999/00 Real Madryt Vincente Del Bosque
66%
2001/02 Real Madryt Vincente Del Bosque
66%
1997/98 Real Madryt Jupp Heynckes
63%
2012/13 Bayern Jupp Heynckes
63%
2005/06 FC Barcelona Frank Rijkard
57%
2011/12 Chelsea Roberto Di Matteo
54%
1994/95 Ajax Louis Van Gaal
49%
1996/97 Borussia Dortmund Ottmar Hitzfeld
37%
2000/01 Bayern Ottmar Hitzfeld
37%
1995/96 Juventus Marcello Lippi
34%
1993/94 AC Milan Fabio Capello
31%
1992/93 Olympique Marsylia Ronald Goethals
9%
Nie znaleziono quizów pasujących do podanych kryteriów
Rozkład punktacji
Procent ludzi z każdym wynikiem
Percentyl według liczby udzielonych odpowiedzi
Twoja historia wyników
Nie rozwiązałeś tego quizu od ostatniego zresetowania